|
|
|
|
| LEADER |
00000nab a2200000 a 4500 |
| 001 |
vtls000533829 |
| 003 |
SK-MaSNL |
| 005 |
20260304094525.0 |
| 008 |
250425c1993 xo 0 slo |
| 015 |
|
|
|a SNBRB19rr/mm-uuuuu
|
| 035 |
|
|
|a CL0533967
|
| 035 |
|
|
|a urn:nbn:sk:snk-ab299p
|
| 035 |
|
|
|a (urnnbn)urn:nbn:sk:snk:ar-a01z9l
|
| 035 |
|
|
|a (uuid)95a75c0a-6ea0-4da4-b563-90d7bd8fa642
|
| 040 |
|
|
|a SNKBUCL
|b slo
|c SNKBUCL
|e AACR2
|
| 041 |
0 |
|
|a slo
|
| 044 |
|
|
|a xo
|c SK
|
| 080 |
|
|
|a 347.7
|2 1981
|
| 100 |
1 |
|
|a Profant, Milan,
|d 1921-2012
|4 aut
|9 202923
|
| 245 |
1 |
0 |
|a Manažérske zmluvy
|c Milan Profant
|
| 300 |
|
|
|b Lit. 3 zázn. v slov.
|
| 650 |
0 |
7 |
|a manažérske zmluvy
|2 snkbucl
|9 1390982
|
| 655 |
|
7 |
|a články z novín a časopisov
|2 snkbucl
|9 267496
|
| 773 |
0 |
|
|t Právny obzor
|g Roč. 76, č. 2 (1993), s. 179-183
|
| 850 |
|
|
|a Slovenská národná knižnica
|
| 852 |
|
|
|a Slovenská národná knižnica
|
| 954 |
|
|
|a odborná, vedecká literatúra pôvodná (slovenská)
|2 lita
|
| 958 |
|
|
|a article27
|
| 958 |
|
|
|a RK
|
| 958 |
|
|
|a NX
|
| 958 |
|
|
|a OND
|
| 958 |
|
|
|a EUIPO
|
| 992 |
|
|
|a RBX
|
| 999 |
|
|
|c 2827613
|d 2829543
|